Γαλλική εμπορική επιστολογραφία = Correspondance commerciale francaise

Αποθηκεύτηκε σε:
Λεπτομέρειες βιβλιογραφικής εγγραφής
Κύριος συγγραφέας: Καΐρης, Αντώνιος
Μορφή: Βιβλίο
Γλώσσα:Greek
Δημοσίευση: Αθήνησι : Βιβλιοπωλείον Μ.Σ. Σαριβαξεβάνη, 1927].
Θέματα:
Διαθέσιμο Online:http://hdl.handle.net/11610/16499
Ετικέτες: Προσθήκη ετικέτας
Δεν υπάρχουν, Καταχωρήστε ετικέτα πρώτοι!

MARC

LEADER 00000cam a2200000 i 4500
001 1/35907
008 130830s1927####gr | | || |||| ||gre||
035 |l 10115541 
040 |a GR-MyUA  |b gre  |e AACR2 
041 0 |a gre 
082 0 |a 651.75   |2 (22)  
100 1 |a Καΐρης, Αντώνιος. 
245 1 0 |a Γαλλική εμπορική επιστολογραφία =   |b Correspondance commerciale francaise /   |c υπο Αντωνίου Καϊρη.  
246 1 |i Παράλληλος τίτλος:   |a Correspondance commerciale francaise  
260 |a Αθήνησι :   |b Βιβλιοπωλείον Μ.Σ. Σαριβαξεβάνη,   |c 1927].  
300 |a η', 200 σ. ;   |c 21 εκ.  
500 |a Υπάρχει ψηφιακό αντίγραφο.  
650 0 0 |a Commercial correspondence. 
651 0 |a France  |x Commerce. 
852 |a INST  |b SAMOS  |c PORFYRIADA  |e 20130830  |h 651.75 ΚΑΙ  |p 005300040487  |q 005300040487  |t NOLOAN  |y 23 
856 |u http://hdl.handle.net/11610/16499 
901 |a BIBL3-2013-2 
909 |a Σ  |b 178696 
970 |a ΚΟΣΙΕΡΗΣ  |b ΧΡΗΣΤΟΣ  |z 2013/08/30